000 00283nam a22001217a 4500
041 _aENG
100 _aNair.K
245 _aImpromptu Speech Flow Techniques
260 _aDelhi
_bAdult Facultes
_c2003
300 _a48
650 _aCompetitive Exam
856 _uCompetitive Exam ( 35 )
999 _c976
_d976